[Event "HCL-C4007"]
[Site "www.playchess.de"]
[Date "2006.01.13"]
[Round "1"]
[White "ocluanain"]
[Black "jsteveg"]
[WhiteElo "969"]
[BlackElo "714"]
[PlyCount "94"]
[Result "0-1"]

1.e4 {hey, you joined my tournament.}  c5 {your 
tournament?}  2.Nf3 {yes.  invitation only.}  d6 
3.g3 Nf6 4.d3 Bg4 5.Bg2 e5 6.Nc3 Nc6 7.O-O Be7 
8.Bg5 Nd4 9.Qc1 Nxf3+ 10.Kh1 Nxg5 11.Qxg5 O-O 
12.Nd5 h6 13.Qe3 Rc8 14.c3 b5 15.a4 Qa5 16.Nxe7+ 
Kh8 17.Nxc8 Rxc8 18.f3 Be6 19.f4 d5 20.exd5 Bxd5 
21.Bxd5 Nxd5 22.Qxe5 Nb6 23.axb5 Qxb5 24.c4 Qd7 
25.b3 Qxd3 26.Rae1 Qxb3 27.Qe7 Ra8 28.Qxc5 Nxc4 
29.f5 a5 30.Qc6 Nb6 31.f6 Qd5+ 32.Qxd5 Nxd5 
33.fxg7+ Kxg7 34.Re5 Rd8 35.Ref5 Ne3 36.R5xf7+ Kg8 
37.R1f4 Rd1+ 38.R4f1 Rxf1+ 39.Rxf1 Nxf1 40.Kg1 Ne3 
41.Kf2 Ng4+ 42.Kf3 Nxh2+ 43.Ke2 Kg7 44.Kd3 Kg6 
45.Ke3 h5 46.Kf4 Ng4 47.Kf3 a4 0-1

[Event "HCL-C4044"]
[Site "www.playchess.de"]
[Date "2006.01.13"]
[Round "9"]
[White "kolmar"]
[Black "el_lopez"]
[WhiteElo "1101"]
[BlackElo "800"]
[PlyCount "57"]
[Result "1-0"]

1.d4 d5 {Have a good game!}  2.Nc3 Nf6 3.g3 
{Thanks, You too}  c6 4.Bg2 h6 5.Bf4 Nbd7 6.h3 b5 
7.e4 g5 8.exd5 b4 9.dxc6 Nb6 10.c7 Qd7 11.Be5 bxc3 
12.bxc3 Bg7 13.h4 O-O 14.hxg5 Ng4 15.Bxg7 Kxg7 
16.Bxa8 Nxa8 17.gxh6+ Kh7 18.f3 Ne3 19.Qd3+ Nf5 
20.g4 Qe6+ 21.Ne2 Ba6 {Happy new year 2006!!!}  
22.Qxf5+ Qxf5 23.gxf5 Nxc7 24.Nf4 Rg8 25.Kd2 Rg4 
26.fxg4 Bb7 27.Rh2 Nd5 28.Nxd5 Bxd5 
29.Ke3 1-0

[Event "HCL-B3771"]
[Site "www.playchess.de"]
[Date "2006.01.13"]
[Round "4"]
[White "unclcarle"]
[Black "RUDI"]
[WhiteElo "1099"]
[BlackElo "1253"]
[PlyCount "46"]
[Result "0-1"]

1.e4 e5 2.Nf3 Nc6 3.Bb5 Nge7 4.O-O a6 5.Bxc6 Nxc6 
6.Nc3 Bc5 7.d3 O-O 8.Na4 Be7 9.c4 d6 10.h3 Bh4 
11.b3 Nd4 12.Bb2 f5 13.Bxd4 exd4 14.Nxd4 fxe4 
15.dxe4 Rf4 16.Kh2 Bf6 17.Re1 Rxf2 18.Rc1 Be5+ 
19.Kg1 Qh4 20.Qd3 Bd7 21.Re3 Raf8 22.Nf3 Qg3 
23.Rf1 Qxg2+ 0-1

[Event "HCL-C4073"]
[Site "www.playchess.de"]
[Date "2006.01.13"]
[Round "2"]
[White "JerryReneau"]
[Black "Henri"]
[WhiteElo "1079"]
[BlackElo "818"]
[PlyCount "31"]
[Result "1-0"]

1.d4 d5 {Bonjour et Bonne Partie}  2.e3 {Good 
luck}  Nf6 3.c4 dxc4 4.Bxc4 e6 5.Nf3 Bd6 6.O-O O-O 
7.Qc2 Nc6 8.Bd2 b6 9.Ng5 Bb7 10.d5 exd5 11.Bc3 
dxc4 12.Na3 Ba6 13.b3 cxb3 14.axb3 Bxf1 15.Bxf6 
Qxf6 16.Qxh7+ 1-0

[Event "HCL-A2551"]
[Site "www.playchess.de"]
[Date "2006.01.13"]
[Round "5"]
[White "KingGeorge"]
[Black "Josef1901"]
[WhiteElo "1581"]
[BlackElo "1584"]
[PlyCount "29"]
[Result "1-0"]

1.e4 c5 2.Nc3 d6 3.f4 Nc6 4.Nf3 e6 5.Bb5 Bd7 6.O-O 
a6 7.Bxc6 Bxc6 8.d4 cxd4 9.Nxd4 Bd7 10.Qf3 Nf6 
11.e5 dxe5 12.fxe5 Bc5 13.Nce2 Qb6 14.c3 Nd5 
15.Qxf7+ 1-0

[Event "HCL-E1521"]
[Site "www.playchess.de"]
[Date "2006.01.13"]
[Round "6"]
[White "ZorMaster"]
[Black "blackburne"]
[WhiteElo "1752"]
[BlackElo "1679"]
[PlyCount "31"]
[Result "1-0"]

1.c4 {hi, have a fine match}  e5 {hello, good 
luck.}  2.Nc3 Bb4 3.Nd5 {thx}  Bc5 4.Nf3 c6 5.Nc3 
d6 6.d4 exd4 7.Nxd4 Qh4 8.e3 Ne7 9.Nf3 Qf6 10.Ne4 
Bb4+ 11.Bd2 Bxd2+ 12.Qxd2 Qe6 13.Nfg5 Qd7 14.Nxd6+ 
Kf8 15.O-O-O Na6 16.Ndxf7 1-0

[Event "HCL-B3756"]
[Site "www.playchess.de"]
[Date "2006.01.13"]
[Round "19"]
[White "unclcarle"]
[Black "RUDI"]
[WhiteElo "1099"]
[BlackElo "1228"]
[PlyCount "46"]
[Result "0-1"]

1.e4 {Greetings from NYC.  Have a good game}  e5 
{nice, my first wife lived in Manhattan in the 
80`s. What quarter are you living in?}  2.Nf3 {I 
live in the Bronx.}  Nc6 {good, so I suppose you 
are not as pale as I am - I remember a friend with 
the name Nestor, he was from the Bronx.}  3.Bb5 
{:).  No I am definitely not pale.  I maintain a 
nice caramel tan all year round.  Although I was 
not born in the Bronx.  I am originally from North 
Carolina.}  Nge7 {alright unclcarle, here `s 
Munich with the ultimate move}  4.d3 {I had a 
feeling you would do that.}  d6 5.O-O a6 6.Bxc6+ 
Nxc6 7.Nc3 Be7 8.h3 O-O 9.a4 f5 10.Nd5 fxe4 
11.dxe4 Be6 12.Ne3 Bh4 13.Nxh4 Qxh4 14.Qe2 Rf6 
15.Nd5 Rg6 16.Kh2 Rf8 17.Ra3 Nd4 18.Qe3 Nf3+ 
19.Kh1 Bxh3 20.Ne7+ {I dont think I will survive 
this enslaught, but I will struggle until I can't 
struggle anymore.}  Qxe7 {okay, I remember you are 
from NYC...}  21.gxh3 Qh4 22.Qxf3 Rxf3 23.Rxf3 
Qxe4 0-1

[Event "HCL-B3823"]
[Site "www.playchess.de"]
[Date "2006.01.13"]
[Round "14"]
[White "RUDI"]
[Black "PhilipKaveny"]
[WhiteElo "1234"]
[BlackElo "1406"]
[PlyCount "95"]
[Result "1-0"]

1.e4 c5 2.Bc4 d6 3.d3 g6 4.Nc3 Bg7 5.Bd2 Nf6 6.Nd5 
O-O 7.Nxf6+ Bxf6 8.c3 a6 9.Ne2 b5 10.Bb3 Nd7 
11.O-O Bg7 12.Nf4 Nf6 13.Nd5 e6 14.Nxf6+ {just 
realized, I got white the first time in our 
history}  Bxf6 { I think you are ahead in my 
series}  15.g3 {one ahead, yes. doesn`t mean you 
have to get even...}  Bb7 16.Re1 d5 {You are OK 
Rudi}  17.e5 Bg7 18.d4 cxd4 19.cxd4 a5 20.Rc1 a4 
21.Bc2 Rc8 22.Bb4 Re8 23.Bb1 Rxc1 24.Qxc1 Qc8 
25.Qd2 Qd7 {I sent you an email message about 
Rudi}  26.Rc1 {I already answered it, thanks. He 
is German, like I thought. Basicly.}  Rc8 
{(offering draw) Yes and you have a German Pope. I 
find that if I try too Hard for a Win against you 
I lose.}  27.a3 {well, I don`t have a pope 
anyway...
I need to win and you too. No demotions anymore.No 
C-League.  Got one lucky strike against Skipper 
because he was blind though.Let`s go for 
all.
}  Rxc1+ {Okay Rudi go for it}  28.Qxc1 Qc6 29.Qc5 
Qxc5 30.Bxc5 f6 {Okay Rudi I am not Going to trade 
off my good Bishop}  31.f4 fxe5 32.fxe5 Bf8 
33.Bxf8 Kxf8 34.Kf2 Ke7 35.Ke3 Kf7 36.g4 h6 37.h4 
Bc6 38.Kd3 g5 39.h5 {we get closer to what you 
suggested...
I`ll try a very last thing!!!!!}  Ke7 40.Kc3 Kd7 
41.Kb4 Kc7 42.Kc5 Be8 {This almost works for you 
But what I know maybe it does}  43.Bg6 Bd7 44.Bd3 
Be8 45.Bxb5 Bf7 46.Bxa4 {the rest is a piece of 
cake. you are winning the other game.}  Bg8 47.Be8 
Bh7 48.Bg6 {no trespassing!}  1-0

[Event "HCL-E1521"]
[Site "www.playchess.de"]
[Date "2006.01.13"]
[Round "4"]
[White "Eishockeytorwart"]
[Black "blackburne"]
[WhiteElo "1944"]
[BlackElo "1679"]
[PlyCount "35"]
[Result "1-0"]

1.e4 {willkommen aus Mönchengladbach}  Nf6 {gruss 
aus Herne}  2.e5 Nd5 3.c4 Nb6 4.c5 Nd5 5.Nc3 e6 
6.Nxd5 exd5 7.d4 d6 8.exd6 cxd6 9.b4 Qf6 10.Be3 
dxc5 11.bxc5 Nc6 12.Nf3 Bg4 13.Be2 Be7 14.Rb1 Rb8 
15.O-O O-O 16.Bg5 Qg6 17.Bxe7 Nxe7 
18.Ne5 1-0

[Event "HCL-B3820"]
[Site "www.playchess.de"]
[Date "2006.01.13"]
[Round "7"]
[White "PhilipKaveny"]
[Black "RUDI"]
[WhiteElo "1406"]
[BlackElo "1257"]
[PlyCount "99"]
[Result "1-0"]

1.e4 {Hello Rudi}  e5 {Hello, how are you?}  2.f4 
{Very Good and you}  Nc6 {fine. fortunately got 
back to B-League. much better!}  3.Nf3 {Clearly 
where you belong}  d6 {thanx}  4.Bc4 exf4 5.O-O 
Bg4 6.d4 Qf6 7.Bb5 Nge7 8.c3 O-O-O 9.a4 g5 10.Bxc6 
Nxc6 11.a5 Kb8 12.b4 Bh5 13.Qa4 {There Is a very 
Famous Movie about an American Football Player 
named rudi who like you is very determined}  a6 
{must be a relative. all white americans are from 
europe anyway. what`s his full name?}  14.b5 {I 
better not distract you here}  axb5 15.Qxb5 Na7 
16.Qxg5 Qxg5 17.Nxg5 h6 18.Nf3 Bxf3 19.Rxf3 Be7 
{you are winning this one, I suppose. Now you tell 
me: what`s the full name ofe Rudi the football 
player?}  20.Bxf4 {IT is a movie about this guy 
who wants to play American Football for Notre Dame 
but He is Too Small  but he tries very hard and 
everybody likes him and he brings out the best in 
people. I will look up the information on it}  
Rdf8 {doesn`t fit - I`m not small. I played 
soccer, the british call it football, 
too.
There is the world championship this year in 
Germany. Maybe you know soccer.}  21.Nd2 {Yes Just 
a little played it in Grammer School I once Kicked 
a goal from right wing.}  f5 22.exf5 Rxf5 23.c4 
Nc6 24.Be3 Rxa5 25.Rxa5 Nxa5 26.Rf7 Bg5 27.Bxg5 
hxg5 28.Rg7 Nc6 29.d5 Ne5 30.Rxg5 Rf8 31.c5 Re8 
32.cxd6 cxd6 33.h4 Ka7 34.h5 b5 35.h6 Rh8 36.Rg7+ 
Ka6 37.h7 Nc4 38.Nxc4 {Why Not}  bxc4 39.Kf1 Kb5 
40.Ke1 Kc5 41.g4 Kxd5 42.g5 Ke6 43.g6 Kf6 44.Rg8 
{By the I will play the other game out a bit more 
but you played it very well}  Rxh7 {looks like our 
statistic will be balanced soon}  45.gxh7 {You 
keep  Stealing my rating points}  Kf7 {don`t you 
blame me - I saw you lost against skipper!}  
46.h8Q Ke6 {I need to go - do you need the point 
now?}  47.Re8+ {I am trying for stalemate in the 
other}  Kd5 48.Qg8+ {I just resigned you get  you 
points back}  Kd4 {not bad, 20 points for one game 
- the 2 games b4 I got 2, together...}  49.Rd8 
{For just a minute wen Skipper Robert 935 beat me 
I thought he used a compturer :)}  Ke5 {okay, one 
more and you`ll get your point}  
50.Qxc4 1-0

[Event "HCL-B3793"]
[Site "www.playchess.de"]
[Date "2006.01.13"]
[Round "5"]
[White "mrchess"]
[Black "djpnola"]
[WhiteElo "1431"]
[BlackElo "1173"]
[PlyCount "45"]
[Result "1-0"]

1.d4 {good luck}  d5 {You, too.}  2.e3 Nc6 3.Nd2 
e5 4.dxe5 Nxe5 5.Ngf3 Bd6 6.c3 Nd3+ 7.Bxd3 Bg4 
8.Qb3 Bxf3 9.Nxf3 b6 10.Qxd5 Nf6 11.Qc6+ Nd7 
12.Bf5 O-O 13.Qxd7 g6 14.Qxd8 Raxd8 15.Be4 Rfe8 
16.Bc6 Re6 17.Nd4 Re5 18.O-O Rh5 19.g3 Bc5 20.Bf3 
Re5 21.b4 Bxd4 22.exd4 Re7 23.Bg5 1-0

[Event "HCL-B3799"]
[Site "www.playchess.de"]
[Date "2006.01.13"]
[Round "19"]
[White "gordi"]
[Black "Bense"]
[WhiteElo "1267"]
[BlackElo "1012"]
[PlyCount "135"]
[Result "1-0"]

1.d4 f6 2.e4 d6 3.Nf3 e5 4.dxe5 dxe5 5.Qxd8+ Kxd8 
6.Bc4 Ne7 7.O-O Nbc6 8.Nc3 Bg4 9.Nd2 Nd4 10.Bd3 
Nec6 11.a3 Bc5 12.b4 Bd6 13.Nc4 Be6 14.Ne3 Ke7 
15.Nb5 Rhd8 16.Nc3 Rd7 17.Ne2 Rad8 18.c4 Nxe2+ 
19.Bxe2 g5 20.c5 Bxc5 21.bxc5 Nd4 22.Bh5 h6 23.h3 
f5 24.exf5 Nxf5 25.Ng4 R7d1 26.Nxe5 Rxf1+ 27.Kxf1 
Rd5 28.Ng6+ Kf6 29.Bb2+ Nd4 30.Rd1 Bf5 31.Nh8 Ke7 
32.Bxd4 Rxd4 33.Rxd4 b6 34.c6 b5 35.Rd5 Bc2 
36.Rxb5 Bd3+ 37.Kg1 {nice play.}  Bxb5 38.Bf3 Kf6 
39.Bd5 a5 40.Nf7 h5 41.Nd8 Bd3 42.g4 hxg4 43.hxg4 
Ke5 44.Bf3 Bc4 45.Nb7 a4 46.Na5 Bd3 47.Kg2 Kf4 
48.Nb7 Bc2 49.Nc5 Ke5 50.Kg3 Kd4 51.Ne6+ Kc3 
52.Nxc7 Kb3 53.Nb5 Bd3 54.c7 Bxb5 55.c8Q Kxa3 
56.Qc1+ Kb4 57.Qxg5 a3 58.Qe7+ Kb3 59.Bd5+ Kb2 
60.Qb4+ Kc2 61.Qxb5 Kc3 62.Ba2 Kd2 63.Qb3 Ke2 
64.g5 Kd2 65.g6 Ke1 66.Qe3+ Kf1 67.Bc4+ Kg1 
68.Qe1+ 1-0

[Event "HCL-B3815"]
[Site "www.playchess.de"]
[Date "2006.01.13"]
[Round "1"]
[White "djpnola"]
[Black "dynamike"]
[WhiteElo "1144"]
[BlackElo "1610"]
[PlyCount "50"]
[Result "0-1"]

1.f4 {Hello again
}  d5 {hi}  2.h3 Nc6 3.Nc3 d4 4.Ne4 f5 5.Nf2 Nf6 
6.e3 dxe3 7.dxe3 Qxd1+ 8.Nxd1 e5 9.Bb5 Bd7 10.Bxc6 
Bxc6 11.Nf3 exf4 12.exf4 Bc5 13.Nc3 O-O 14.Bd2 
Rfe8+ 15.Ne2 Re4 16.Nfg1 Rae8 17.O-O-O R4xe2 
18.Nxe2 Rxe2 19.Rde1 Rxg2 20.Re5 Bd6 21.Rxf5 Rxd2 
22.Kxd2 Bxh1 23.Ra5 Bb4+ 24.c3 {Ack. You got me 
again.
}  Bxa5 {yippy yeah}  25.b4 Bb6 0-1

[Event "HCL-A2524"]
[Site "www.playchess.de"]
[Date "2006.01.13"]
[Round "10"]
[White "alvimrf"]
[Black "kaajmmk"]
[WhiteElo "1775"]
[BlackElo "1256"]
[PlyCount "27"]
[Result "1-0"]

1.c4 {Hi, greatings from Brasil!}  d6 {oh hey... 
where do you live... Brasilia?}  2.d4 {No, 
Petrolina-Pernambuco!}  Bf5 {where in brazil is 
that??? i live in ontario,canada}  3.Nc3 {Yes, 
Petrolina is where I live!}  Qd7 4.e4 Bg4 5.Be2 h5 
6.f3 Be6 7.d5 Rh7 8.Qb3 b5 9.dxe6 fxe6 10.cxb5 a5 
11.Bc4 Rh6 12.Bxh6 Nxh6 13.Bxe6 Qd8 
14.Nd5 1-0

[Event "HCL-M887"]
[Site "www.playchess.de"]
[Date "2006.01.13"]
[Round "4"]
[White "bobp"]
[Black "Duffy"]
[WhiteElo "1874"]
[BlackElo "1570"]
[PlyCount "52"]
[Result "0-1"]

1.d4 d5 2.Nf3 e6 3.Bg5 Be7 4.Bxe7 Qxe7 5.c4 c5 
6.cxd5 exd5 7.dxc5 Qxc5 8.Nbd2 Nc6 9.Rc1 Qe7 10.a3 
Nf6 11.e3 O-O 12.Bb5 Bd7 13.O-O a6 14.Bxc6 bxc6 
15.Re1 Rfe8 16.Nb3 Ne4 17.Nbd4 Rac8 18.Rc2 c5 
19.Nb3 Ba4 20.Nfd2 {ruh, roh looks like I stepped 
into it there... :-(}  c4 {Yes, it looks like I 
got a lucky one, but there's still a long way to 
go!}  21.Nd4 Bxc2 22.Qxc2 Nxd2 23.Qxd2 Qf6 24.Qc3 
Rcb8 25.h3 h6 26.Qa5 Rxb2 0-1

[Event "HCL-C4001"]
[Site "www.playchess.de"]
[Date "2006.01.13"]
[Round "11"]
[White "Roger_K"]
[Black "Kelthek"]
[WhiteElo "1132"]
[BlackElo "622"]
[PlyCount "81"]
[Result "1-0"]

1.e4 Nf6 2.Nc3 e5 3.Nf3 Nc6 4.Bb5 Bb4 5.Bxc6 dxc6 
6.O-O O-O 7.Nxe5 Qd6 8.d4 c5 9.Nb5 Qb6 10.a4 Nxe4 
11.c3 Ba5 12.Qg4 Bxg4 13.Nxg4 Qg6 14.Ne5 Qh5 15.f4 
Nf6 16.dxc5 Ng4 17.Nxg4 Qxg4 18.b4 c6 19.Nd6 Rab8 
20.bxa5 b6 21.axb6 axb6 22.h3 Qg3 23.Rf3 Qe1+ 
24.Kh2 Rbe8 25.Nxe8 Rxe8 26.Bb2 Qe2 27.Ba3 Qc2 
28.cxb6 Re2 29.Rg1 Qxa4 30.Rd3 g6 31.b7 Re8 32.Bd6 
Qa7 33.Rb1 Qa2 34.b8Q Qe6 35.Qc7 Qe4 36.Rb8 Kg7 
37.Rxe8 Qxe8 38.Be5+ Kg8 39.Rd8 Qf8 40.Rxf8+ Kxf8 
41.Qd8+ 1-0

[Event "HCL-B3840"]
[Site "www.playchess.de"]
[Date "2006.01.14"]
[Round "10"]
[White "PhilipKaveny"]
[Black "Bense"]
[WhiteElo "1353"]
[BlackElo "1089"]
[PlyCount "40"]
[Result "0-1"]

1.e4 {Hello Again I just Lost Six Games In a row}  
e6 {Keep it up, I need the points! Plus I must 
take some points from you at some time.}  2.d4 
{Good Luck I mean it}  f6 {Thank you.}  3.f4 b6 
4.Nf3 Bb7 5.Bd3 Ne7 {Should you not be asleep at 
this time of day?}  6.c4 {Yes I am about to Go to 
bed :)}  g6 7.O-O c6 8.e5 fxe5 9.Nxe5 Bg7 10.Qc2 
d6 11.Nxg6 hxg6 12.Bxg6+ Kf8 13.f5 Bxd4+ 14.Kh1 
Nxg6 15.fxg6+ Ke8 16.g7 Rg8 17.Qg6+ Kd7 18.Rf7+ 
Kc8 19.Bg5 Qe8 20.Re7 Qxg6 0-1

[Event "HCL-C4065"]
[Site "www.playchess.de"]
[Date "2006.01.14"]
[Round "9"]
[White "Viking"]
[Black "ocluanain"]
[WhiteElo "601"]
[BlackElo "1040"]
[PlyCount "71"]
[Result "1-0"]

1.d4 Nf6 2.c4 g6 3.Nf3 Bg7 4.Nc3 O-O 5.e4 d6 6.Bd3 
Nbd7 7.O-O b6 8.Ng5 e5 9.Be3 Bb7 10.Nf3 Qe7 11.Nd5 
exd4 12.Bxd4 Nxd5 13.cxd5 c6 14.Re1 cxd5 15.e5 
dxe5 16.Bc3 f5 17.Nh4 Qxh4 18.f3 e4 19.fxe4 dxe4 
20.Bc4+ Kh8 21.Bxg7+ Kxg7 22.Qxd7+ Kh6 23.Qxb7 e3 
24.Rxe3 Qd4 25.Qe7 f4 26.Qh4+ Kg7 27.Rae1 Qxc4 
28.R3e7+ Rf7 29.Rxf7+ Kxf7 30.Qxh7+ Kf6 31.Qe7+ 
Kf5 32.h3 Qd4+ 33.Kh2 Rc8 34.Qe6+ Kg5 35.Qxc8 Qd2 
36.Re5+ 1-0

[Event "HCL-C4030"]
[Site "www.playchess.de"]
[Date "2006.01.14"]
[Round "4"]
[White "garden"]
[Black "Farquhart"]
[WhiteElo "1034"]
[BlackElo "442"]
[PlyCount "71"]
[Result "1-0"]

1.e4 e5 2.Nf3 Nf6 3.d3 Nc6 4.Bg5 h6 5.Be3 Bb4+ 
6.c3 Be7 7.d4 d6 8.Bb5 a6 9.Bxc6+ bxc6 10.O-O Nxe4 
11.Qd3 Ng5 12.dxe5 Rb8 13.exd6 cxd6 14.Nbd2 Rxb2 
15.Nc4 Rb5 16.Qd4 Rf5 17.Qb6 Nxf3+ 18.gxf3 Rxf3 
19.Qxc6+ Qd7 20.Qxf3 Bb7 21.Qf4 Qc6 22.f3 Bf6 
23.Nxd6+ Kd8 24.Nxf7+ Ke8 25.Nxh8 g5 26.Qb8+ Kd7 
27.Rfd1+ Ke7 28.Ng6+ Kf7 29.Ne5+ Bxe5 30.Qxe5 Qxf3 
31.Rd7+ Kg6 32.Qe6+ Kh5 33.Qe8+ Kg4 34.Rd4+ Kh3 
35.Qe6+ g4 36.Qxh6+ 1-0

[Event "HCL-E1518"]
[Site "www.playchess.de"]
[Date "2006.01.14"]
[Round "6"]
[White "Arman_Bulatov"]
[Black "q77ro"]
[WhiteElo "1628"]
[BlackElo "1469"]
[PlyCount "38"]
[Result "0-1"]

1.e4 e5 2.Nf3 Nc6 3.Bb5 a6 4.Ba4 b5 5.Bb3 h6 6.O-O 
Bb7 7.Re1 Bc5 8.d3 Nf6 9.Nc3 d6 10.h3 Na5 11.Qe2 
Nxb3 12.axb3 O-O 13.Be3 Nd7 14.Nh2 Bxe3 15.Qxe3 f5 
16.exf5 Rxf5 17.Ng4 Rg5 18.Ne4 Rg6 19.f4 
d5 0-1

[Event "HCL-M823"]
[Site "www.playchess.de"]
[Date "2006.01.14"]
[Round "12"]
[White "Goofy"]
[Black "temple"]
[WhiteElo "2046"]
[BlackElo "1766"]
[PlyCount "102"]
[Result "0-1"]

1.d4 {Hi again! Good game! ;o))}  d5 {Hello}  2.c4 
e6 3.Nc3 Nf6 4.Bg5 Be7 5.Nf3 h6 6.Bh4 c6 7.e3 Ne4 
8.Bxe7 Qxe7 9.Qc2 Nxc3 10.Qxc3 Nd7 11.Be2 a5 12.a3 
O-O 13.O-O b6 14.b4 axb4 15.axb4 Bb7 16.cxd5 exd5 
17.Nd2 Rxa1 18.Rxa1 Ra8 19.Rxa8+ Bxa8 20.Qa3 Qd8 
21.Qa7 Kf8 22.f4 Qc8 23.Bg4 Bb7 24.Nf3 Qb8 25.Qa3 
Nf6 26.b5+ Kg8 27.bxc6 Bxc6 28.Ne5 Nxg4 29.Nxc6 
Qc7 30.Ne7+ Kh7 31.h3 Nf6 32.Nf5 g6 33.Nh4 Qd8 
34.Nf3 Kg7 35.Ne5 Qc7 36.Kh2 Ne4 37.Qa8 Nc3 38.Qe8 
b5 39.Nd7 Qd6 40.Ne5 Qf8 41.Qc6 b4 42.Qb7 Nd1 
43.Qxd5 Nxe3 44.Qf3 Nf5 45.Qd5 h5 46.Qc4 f6 47.Nc6 
Qd6 48.d5 Ne3 49.Qxb4 Qxd5 50.Qe7+ Kh6 51.Qxf6 
Qxg2+ {?}  0-1

[Event "HCL-A2536"]
[Site "www.playchess.de"]
[Date "2006.01.14"]
[Round "9"]
[White "psp4"]
[Black "sonnygarcia"]
[WhiteElo "1786"]
[BlackElo "1032"]
[PlyCount "49"]
[Result "1-0"]

1.e4 e6 2.d4 d5 3.Nd2 Nf6 4.e5 Nfd7 5.Bd3 c5 6.c3 
Nc6 7.Ne2 cxd4 8.cxd4 f6 9.exf6 Nxf6 10.O-O Be7 
11.Nf3 O-O 12.Bf4 Nh5 13.Be5 Nxe5 14.Nxe5 Bd6 
15.f4 Nf6 16.Ng3 Nd7 17.Qh5 Nf6 18.Qh3 a6 19.Rae1 
Bd7 20.Nh5 Nxh5 21.Qxh5 g6 22.Bxg6 hxg6 23.Qxg6+ 
Kh8 24.Re3 Rf5 25.Rh3+ 1-0

[Event "HCL-M869"]
[Site "www.playchess.de"]
[Date "2006.01.14"]
[Round "24"]
[White "richard"]
[Black "DANTONIFAYARD"]
[WhiteElo "1794"]
[BlackElo "1693"]
[PlyCount "33"]
[Result "1-0"]

1.e4 d6 2.d4 Nd7 3.Nf3 Nb6 4.Bd3 Bg4 5.O-O Qd7 
6.Nc3 h6 7.a4 e6 8.a5 Nc8 9.a6 bxa6 10.d5 e5 11.h3 
Bxh3 12.gxh3 Qxh3 13.Nh2 Nf6 14.Rxa6 g5 15.Bb5+ 
Kd8 16.Qf3 Qh4 17.Qxf6+ 1-0

[Event "HCL-M859"]
[Site "www.playchess.de"]
[Date "2006.01.14"]
[Round "10"]
[White "chessnuts"]
[Black "chess50"]
[WhiteElo "1951"]
[BlackElo "2457"]
[PlyCount "79"]
[Result "1-0"]

1.d4 {Hi... good game}  g6 2.c4 Bg7 3.Nf3 d6 4.Nc3 
c6 5.e4 Nf6 6.Be2 O-O 7.O-O Nbd7 8.Bg5 e5 9.d5 
cxd5 10.cxd5 b6 11.Rc1 Bb7 12.Nd2 h6 13.Be3 Qe7 
14.Nc4 Rfc8 15.Nb5 Nxe4 16.f3 Ba6 17.Nxa7 Rxa7 
18.fxe4 Nf6 19.Bxb6 Rb7 20.Be3 Nxe4 21.b3 Rbc7 
22.Nb6 R7xc1 23.Nxc8 Rxc8 24.Bxa6 Rc3 25.Qe2 f5 
26.b4 Qh4 27.b5 Nc5 28.Bxc5 Rxc5 29.b6 Qb4 30.b7 
e4 31.Qd1 Qb6 32.Kh1 Qa7 33.Qb3 Qb8 34.g4 Rc3 
35.Qb1 Be5 36.gxf5 Rh3 37.Rf2 {Dangerous situation 
for white king}  gxf5 38.Rg2+ Kf7 39.Qc1 Bc3 
40.Qf4 1-0

[Event "HCL-A2527"]
[Site "www.playchess.de"]
[Date "2006.01.14"]
[Round "31"]
[White "seisan"]
[Black "Matu"]
[WhiteElo "1491"]
[BlackElo "1535"]
[PlyCount "70"]
[Result "0-1"]

1.e4 c6 2.d4 d5 3.e5 Bf5 4.g4 Be4 5.f3 Bg6 6.h4 h6 
7.Nh3 e6 8.Nf4 Bh7 9.Bd3 Bxd3 10.Qxd3 Nd7 11.c3 c5 
12.Be3 c4 13.Qc2 b5 14.Nd2 Ne7 15.Nf1 a5 16.Ng3 
Nc6 17.O-O-O b4 18.Nxd5 exd5 19.e6 Nf6 20.g5 hxg5 
21.hxg5 Rxh1 22.Rxh1 Ng8 23.exf7+ Kxf7 24.Qf5+ Ke8 
25.Qg6+ Kd7 26.Qf7+ Nge7 27.Nf5 Qe8 28.Qxe8+ Kxe8 
29.Nd6+ Kd7 30.Nf7 Nf5 31.Bf4 Bd6 32.Bxd6 Nxd6 
33.g6 Nxf7 34.gxf7 Ke7 35.Rh5 Rd8 0-1

[Event "HCL-E1538"]
[Site "www.playchess.de"]
[Date "2006.01.14"]
[Round "1"]
[White "redstar"]
[Black "Loulou"]
[WhiteElo "1790"]
[BlackElo "1461"]
[PlyCount "45"]
[Result "1-0"]

1.e4 e5 2.Nf3 Nc6 3.Bb5 Bc5 4.O-O d6 5.c3 Bd7 6.d4 
Bb6 7.dxe5 Nxe5 8.Bxd7+ Nxd7 9.Bg5 Ne7 10.Nbd2 O-O 
11.Nd4 h6 12.Bxe7 Qxe7 13.Nf5 Qf6 14.Qg4 Ne5 
15.Qg3 Rfe8 16.Kh1 Rad8 17.f4 Ng6 18.Rf3 Ne7 
19.Nh4 Nc6 20.Raf1 Qe7 21.Qg4 d5 22.Rg3 f6 
23.Nf5 1-0

[Event "HCL-B3785"]
[Site "www.playchess.de"]
[Date "2006.01.14"]
[Round "32"]
[White "newplayer"]
[Black "evets"]
[WhiteElo "1088"]
[BlackElo "1445"]
[PlyCount "86"]
[Result "0-1"]

1.e4 {hi happy 2006 good game}  e6 {Thank you and 
good luck in 2006 as well!}  2.d4 d5 3.exd5 exd5 
4.c3 Nf6 5.Bg5 Nbd7 6.Nf3 Be7 7.Ne5 O-O 8.Qf3 Ne4 
9.Bxe7 Qxe7 10.Nxd7 Bxd7 11.Nd2 Nxc3+ 12.Be2 Nxe2 
13.Qxe2 Qxe2+ 14.Kxe2 Rfe8+ 15.Kd3 Bf5+ 16.Kc3 Re2 
17.Rhf1 a5 18.Rae1 Rae8 19.Nf3 Rc2+ 20.Kb3 Rxe1 
21.Nxe1 Rc1 22.f3 Bd3 23.Rg1 b5 24.f4 Bc4+ 25.Ka3 
Ra1 26.b3 Bd3 27.Nf3 Rxg1 28.Nxg1 Be4 29.g4 f5 
30.g5 Kf7 31.h4 Kg6 32.b4 a4 33.Ne2 Kh5 34.Nc3 c6 
35.Nxa4 bxa4 36.Kxa4 Kxh4 37.Ka5 Bd3 38.Kb6 Bb5 
39.Kc7 Kg4 40.Kd6 Kxf4 41.Ke6 Kxg5 {Instead of 38. 
Kb6, a better move was 38. a4 after which I would 
have had to sacrifice my B with a very interesting 
ending to follow.  Good game!}  42.Kf7 {;-) yes 
you will win this one}  f4 43.Kxg7 
f3 0-1

[Event "HCL-C4068"]
[Site "www.playchess.de"]
[Date "2006.01.14"]
[Round "3"]
[White "surak"]
[Black "Henri"]
[WhiteElo "1112"]
[BlackElo "835"]
[PlyCount "30"]
[Result "1-0"]

1.e4 e5 {Bonjour et Bonne Partie}  2.Nf3 
{maligayang bagong taon!}  Nc6 {Meilleurs voeux 
pour 2006}  3.Bb5 {Live long and prosper in 2006!} 
 a6 4.Ba4 Nf6 5.O-O Bd6 6.Re1 O-O 7.c3 b5 8.Bc2 
Bb7 9.d4 exd4 10.cxd4 Ne7 11.e5 Bb4 12.exf6 Bxe1 
13.Qxe1 gxf6 14.Bh6 Kh8 15.Nc3 
Nf5 1-0

[Event "HCL-B3832"]
[Site "www.playchess.de"]
[Date "2006.01.14"]
[Round "10"]
[White "Skipper_Robert"]
[Black "Bense"]
[WhiteElo "980"]
[BlackElo "1108"]
[PlyCount "69"]
[Result "1-0"]

1.e4 e5 2.Nc3 c6 3.d3 f6 4.Be2 Ne7 5.Be3 d6 6.f4 
exf4 7.Bxf4 g5 8.Bg3 Qa5 9.Bxd6 Nd7 10.Nf3 Bg7 
11.a3 f5 12.Qd2 h5 13.b4 Qb6 14.Qxg5 Bf6 15.Qd2 
Rg8 16.g3 Ng6 17.exf5 Ne7 18.Bxe7 Bxe7 19.Qh6 Nf6 
20.Qf4 Bd7 21.h3 c5 22.Qe5 cxb4 23.Nd5 Nxd5 
24.Qxd5 bxa3 25.Qxg8+ Bf8 26.Qg5 Qb2 27.Qxh5+ Kd8 
28.O-O Qxc2 29.Qg5+ Ke8 30.Qe3+ Be7 31.Rfe1 b5 
32.Bd1 Be6 {ouch!}  33.Bxc2 {I sleep in the other 
game}  Rc8 {Yes but you destroyed me in this game. 
We are well matched in our lack of concentration?} 
 34.Qxe6 {Yes, but so we play very exciting 
games!}  Rxc2 {I think this one is now dead.}  
35.Qxe7+ {Yes!!}  1-0